| 000 | 00441nam a2200181Ia 4500 | ||
|---|---|---|---|
| 005 | 20240823005916.0 | ||
| 008 | 240823s9999||||xx |||||||||||||| ||und|| | ||
| 041 | _aENGLISH | ||
| 082 | _A"620,28 N9" | ||
| 100 | _aBindal V N | ||
| 245 | 0 | _aTransducers for Ultrasonic Flaw Detection | |
| 250 | _a1ST | ||
| 260 |
_c1999 _b"Narosa,New Delhi" |
||
| 500 | _aYES | ||
| 650 |
_aTransducers _bInstrumentation |
||
| 942 | _cBK | ||
| 999 |
_c157074 _d157074 |
||